Central Library OPAC University of Rajshahi

The dynamics of modernization : (Record no. 33981)

MARC details
000 -LEADER
fixed length control field 00933nam a2200277 a 4500
001 - CONTROL NUMBER
control field 33981
003 - CONTROL NUMBER IDENTIFIER
rucl marc code BD-RjUL
005 - DATE AND TIME OF LATEST TRANSACTION
control field 20211209052104.0
008 - FIXED-LENGTH DATA ELEMENTS--GENERAL INFORMATION
fixed length control field 140512s1967 us 001 0 eng d
035 ## - SYSTEM CONTROL NUMBER
System control number CURL 020000332857(Edi) from rgc024
-- (BD-RjUL)34073
040 ## - CATALOGING SOURCE
Original cataloging agency DLC
Transcribing agency DLC
Modifying agency m.c
-- BD-RjUL
Language of cataloging eng
041 ## - LANGUAGE CODE
Language code of text/sound track or separate title eng
082 ## - DEWEY DECIMAL CLASSIFICATION NUMBER
Classification number 909.825
Author mark and year BLD 1967
100 1# - MAIN ENTRY--PERSONAL NAME
Personal name Black, Cyril Edwin
Dates associated with a name 1915-1989
9 (RLIN) 103279
245 14 - TITLE STATEMENT
Title The dynamics of modernization :
Remainder of title a study in comparative history /
Statement of responsibility, etc. C.E. Black
260 ## - PUBLICATION, DISTRIBUTION, ETC. (IMPRINT)
Place of publication, distribution, etc. New York :
Name of publisher, distributor, etc. Harper & Row,
Date of publication, distribution, etc. 1967.
300 ## - PHYSICAL DESCRIPTION
Pagination viii, 206 p. [10] ;
Size 22 cm
504 ## - BIBLIOGRAPHY, ETC. NOTE
Bibliography, etc Includes index.
650 #0 - SUBJECT ADDED ENTRY--TOPICAL TERM
Topical term or geographic name as entry element Civilization, Modern
Chronological subdivision 1950-
9 (RLIN) 6436
710 2# - ADDED ENTRY--CORPORATE NAME
Corporate name or jurisdiction name as entry element Woodrow Wilson School of Public and International Affairs.
Subordinate unit Center of International Studies.
9 (RLIN) 9882
830 #0 - SERIES ADDED ENTRY--UNIFORM TITLE
Volume number/sequential designation TB1321
830 #0 - SERIES ADDED ENTRY--UNIFORM TITLE
Uniform title Harper torchbooks ;
942 ## - ADDED ENTRY ELEMENTS (KOHA)
Source of classification or shelving scheme Dewey Decimal Classification
Koha item type Books
Holdings
Lost status Source of classification or shelving scheme Damaged status Not for loan Collection code Permanent Location Current Location Shelving location Date acquired Source of acquisition Cost, normal purchase price Total Checkouts Full call number Date last seen Copy number Koha item type
  Dewey Decimal Classification   Not For Loan Non-fiction Central Library, University of Rajshahi Central Library, University of Rajshahi Reading Room 20/09/1968 Zeitlinger 14.00   909.825 BLD 1967 12/05/2014 C-1 Books